Statystyki dla Zgadnij piłkarza po jednej podpowiedzi #1

Kliknij tutaj aby rozwiązać quiz!

Ogólne statystyki

  • Ten quiz został rozwiązany 168 razy
  • Średni wynik to 4 z 15

Statystyki odpowiedzi

podpowiedźPiłkarz% Poprawnych
Młody piłkarz
Barcelony
Gavi
86%
Polak RodakRobert
Lewandowski
53%
Lewonożny z PSGLionel
Messi
39%
Bardzo szybkiKylian
Mbappe
38%
Młody BrazylijczykVinicius jr
30%
Najlepszy obrońca w
2017 i 2018 roku
Sergio Ramos
26%
Prawy pomocnik Manchesteru
United
Jadon
Sancho
23%
Jest 10 piłkarzem pod
względem Bramek
Zlatan
Ibrahimović
23%
Piłkarz który powinien
w 2019 roku dostać
złotą piłkę ale nie dostał
Virgil Van Dijk
22%
Lubi strzelać samobójeHarry
Maguire
21%
KoreańczykHeung-min Son
15%
Nie powinien już graćGianluigi
Buffon
9%
Legenda MilanuPaulo Maldini
7%
Niby wolny a dobryHarry
Kane
5%
zwycięzca ligi mistrzów
w 2008 roku
Wayne
Rooney
5%

Rozkład punktacji

Percentyl według liczby udzielonych odpowiedzi

Procent ludzi z każdym wynikiem

Twoja historia wyników

Nie rozwiązałeś tego quizu